000 00596nam a2200217Ia 4500
005 20250508163608.0
008 008 250505s9999 xx 000 0 eng d
020 _a0-205-12664-2
037 _aReference
040 _aFEDL
_beng
_cFEDL
041 _aeng
_2eng
084 _a158, GIF
_qFEDL
100 _aGifford Robert
_914812
245 0 _aApplied psychology :variety and opportunity
260 _aBoston, USA
_bAllyn and Bacon
_c1991
300 _axv,384p
365 _aUSD
_b34.5
650 _aApplied psychology
942 _cREF
_h158, GIF
999 _c1384274
_d1384274